<?xml version="1.0" encoding="UTF-8"?>
<record
    xmlns:xsi="http://www.w3.org/2001/XMLSchema-instance"
    xsi:schemaLocation="http://www.loc.gov/MARC21/slim http://www.loc.gov/standards/marcxml/schema/MARC21slim.xsd"
    xmlns="http://www.loc.gov/MARC21/slim">

  <leader>01726nam a2200253 a 4500</leader>
  <controlfield tag="005">20141115020002.0</controlfield>
  <controlfield tag="008">140122b2002    ck ||||| |||| 00| 0 spa d</controlfield>
  <datafield tag="041" ind1=" " ind2=" ">
    <subfield code="a">spa</subfield>
  </datafield>
  <datafield tag="044" ind1=" " ind2=" ">
    <subfield code="a">ck</subfield>
  </datafield>
  <datafield tag="090" ind1=" " ind2=" ">
    <subfield code="a">IAvH</subfield>
    <subfield code="b">00232</subfield>
  </datafield>
  <datafield tag="100" ind1=" " ind2=" ">
    <subfield code="a">M&#xFA;nera, Claudia</subfield>
    <subfield code="9">4663</subfield>
  </datafield>
  <datafield tag="245" ind1=" " ind2=" ">
    <subfield code="a">Uso de h&#xE1;bitat de Capito hypoleucus, una especie end&#xE9;mica y amenazada de Colombia (Aves</subfield>
    <subfield code="b">Capitonidae)</subfield>
  </datafield>
  <datafield tag="260" ind1=" " ind2=" ">
    <subfield code="a">Bogot&#xE1;</subfield>
    <subfield code="b">Universidad Nacional de Colombia</subfield>
    <subfield code="c">2002</subfield>
  </datafield>
  <datafield tag="300" ind1=" " ind2=" ">
    <subfield code="a">80 p.</subfield>
  </datafield>
  <datafield tag="520" ind1=" " ind2=" ">
    <subfield code="a">En la serran&#xED;a de las Quinchas (Boyac&#xE1;), se realiz&#xF3; un estudio sobre diferentos aspectos ecol&#xF3;gicos de la especie, buscando determinar el uso que hace de los componentes ambientales de su h&#xE1;bitat natural, el tipo de bosque que habita, y evaluar la preferencia altitudinal de su rango de distribuci&#xF3;n. Se realizaron censos durante seis meses para determinar la densidad del ave en diferentes tipos de bosque y se hicieron levantamientos de vegetaci&#xF3;n. Se encontr&#xF3; mayor presencia en bosque primario, variaci&#xF3;n altitudinal en la densidad de la especie, siendo la deforestaci&#xF3;n del bosque primario uno de los factores con mayor afectaci&#xF3;n negativa sobre la presencia de la especie. Estudios posteriores deben hacer mayor &#xE9;nfasis en aspectos ecol&#xF3;gicos, como la dieta y el comportamiento; hacer seguimiento de las poblaciones de la serran&#xED;a; y promover la conservaci&#xF3;n de los bosques del Magdalena medio</subfield>
  </datafield>
  <datafield tag="650" ind1=" " ind2=" ">
    <subfield code="a">Abundancia en bosques maduros </subfield>
    <subfield code="9">4664</subfield>
  </datafield>
  <datafield tag="650" ind1=" " ind2=" ">
    <subfield code="a">Estructura boscosa </subfield>
    <subfield code="9">4665</subfield>
  </datafield>
  <datafield tag="650" ind1=" " ind2=" ">
    <subfield code="a">Densidad de poblaciones </subfield>
    <subfield code="9">4666</subfield>
  </datafield>
  <datafield tag="650" ind1=" " ind2=" ">
    <subfield code="a">Rango altitudinal </subfield>
    <subfield code="9">4667</subfield>
  </datafield>
  <datafield tag="650" ind1=" " ind2=" ">
    <subfield code="a">Aspectos ecol&#xF3;gicos </subfield>
    <subfield code="9">2477</subfield>
  </datafield>
  <datafield tag="650" ind1=" " ind2=" ">
    <subfield code="a">Historia natural de la especie </subfield>
    <subfield code="9">4668</subfield>
  </datafield>
  <datafield tag="700" ind1=" " ind2=" ">
    <subfield code="a">Laverde, Oscar</subfield>
    <subfield code="9">4669</subfield>
  </datafield>
  <datafield tag="942" ind1=" " ind2=" ">
    <subfield code="c">INFORME</subfield>
    <subfield code="2">z</subfield>
    <subfield code="0">1</subfield>
  </datafield>
  <datafield tag="999" ind1=" " ind2=" ">
    <subfield code="c">3025</subfield>
    <subfield code="d">3025</subfield>
  </datafield>
  <datafield tag="952" ind1=" " ind2=" ">
    <subfield code="0">0</subfield>
    <subfield code="1">0</subfield>
    <subfield code="2">z</subfield>
    <subfield code="4">0</subfield>
    <subfield code="7">0</subfield>
    <subfield code="8">HUMBOLDT</subfield>
    <subfield code="I">INV2017</subfield>
    <subfield code="a">Bogota</subfield>
    <subfield code="b">Bogota</subfield>
    <subfield code="d">2003-02-05</subfield>
    <subfield code="e">Franco,Ana Mar&#xED;a</subfield>
    <subfield code="l">1</subfield>
    <subfield code="o">IAvH-00232</subfield>
    <subfield code="p">004212</subfield>
    <subfield code="r">2024-08-09 00:00:00</subfield>
    <subfield code="s">2014-11-14</subfield>
    <subfield code="t">Ej. 1</subfield>
    <subfield code="w">2012-12-04</subfield>
    <subfield code="x">Dep&#xF3;sito Institucional</subfield>
    <subfield code="y">INFORME</subfield>
  </datafield>
</record>
